Инновационный маркетинг. Понятие и функции; Информационные технологии в науке, управлении, социальной сфере и медицине; Ч. 2

Bibliografiske detaljer
Parent link:Информационные технологии в науке, управлении, социальной сфере и медицине: сборник научных трудов III Международной научной конференции, 23-26 мая 2016 г., Томск.— , 2016
Ч. 2.— 2016.— [С. 429-431]
Hovedforfatter: Ковалев А. И.
Institution som forfatter: Национальный исследовательский Томский политехнический университет (ТПУ)
Summary:Заглавие с титульного экрана
This article is theoretical in nature. Any development of innovation begins with the development of creative ideas that will is the starting point for innovation Innovative marketing is aimed at the efficient introduction of these new ideas.
Sprog:russisk
Udgivet: 2016
Serier:Информационные технологии и моделирование в маркетинге
Fag:
Online adgang:http://earchive.tpu.ru/handle/11683/31507
Format: MixedMaterials Electronisk Book Chapter
KOHA link:https://koha.lib.tpu.ru/cgi-bin/koha/opac-detail.pl?biblionumber=619776

MARC

LEADER 00000naa2a2200000 4500
001 619776
005 20231101133058.0
035 |a (RuTPU)RU\TPU\conf\18212 
035 |a RU\TPU\conf\18211 
090 |a 619776 
100 |a 20160831d2016 k y0rusy50 ca 
101 0 |a rus 
102 |a RU 
105 |a y z 101zy 
135 |a drgn ---uucaa 
181 0 |a i  
182 0 |a b 
200 1 |a Инновационный маркетинг. Понятие и функции  |d Innovative marketing. The concept and function  |f А. И. Ковалев 
203 |a Текст  |c электронный 
225 1 |a Информационные технологии и моделирование в маркетинге 
230 |a 1 компьютерный файл (pdf; 414 Kb) 
300 |a Заглавие с титульного экрана 
330 |a This article is theoretical in nature. Any development of innovation begins with the development of creative ideas that will is the starting point for innovation Innovative marketing is aimed at the efficient introduction of these new ideas. 
461 1 |0 (RuTPU)RU\TPU\conf\17281  |t Информационные технологии в науке, управлении, социальной сфере и медицине  |o сборник научных трудов III Международной научной конференции, 23-26 мая 2016 г., Томск  |o в 2 ч.  |d 2016 
463 1 |0 (RuTPU)RU\TPU\conf\17287  |t Ч. 2  |f Национальный исследовательский Томский политехнический университет (ТПУ) ; под ред. О. Г. Берестневой [и др.]  |v [С. 429-431]  |d 2016 
510 1 |a Innovative marketing. The concept and function  |z eng 
610 1 |a труды учёных ТПУ 
610 1 |a электронные ресурсы 
610 1 |a инновации 
610 1 |a маркетинг 
610 1 |a инновационный маркетинг 
610 1 |a информационные технологии 
610 1 |a эффективность 
700 1 |a Ковалев  |b А. И. 
712 0 2 |a Национальный исследовательский Томский политехнический университет (ТПУ)  |c (2009- )  |2 stltpush  |3 (RuTPU)RU\TPU\col\15902 
801 2 |a RU  |b 63413507  |c 20160912  |g RCR 
856 4 |u http://earchive.tpu.ru/handle/11683/31507 
942 |c BK